The reed cutter

Збережено в:
Бібліографічні деталі
Автор: Tanizaki, Junichiro (Автор)
Формат: Книга
Мова:Англійська
Опубліковано: Nueva York Alfred A. Knopf 1994
Предмети:
Теги: Додати тег
Немає тегів, Будьте першим, хто поставить тег для цього запису!

MARC

LEADER 00000nam a2200000 a 4500
001 UCS8967
003 CL-VaPUC
008 971113e19940000US |||||||||||||||||eng|d
082 0 4 |a 895.63  |b TAN  |2 21 
100 0 |a Tanizaki, Junichiro  |e author  |9 393737 
245 1 4 |a The reed cutter 
246 1 0 |a Capatin shiemoto's mother: two novellas 
300 |a 180 p 
942 |c BK 
945 |d 19971113 00:00:00  |a jquezada 
260 |a Nueva York  |b Alfred A. Knopf  |c 1994 
650 0 |a Literatura japonesa  |9 266543 
650 7 |a NOVELAS JAPONESAS  |2 CL-VaPUC  |9 393738 
583 |a last modification  |c 19971113 00:00:00  |k Rodrigo Vera 
999 |c 263049  |d 263047 
952 |0 0  |1 0  |4 0  |6 895_630000000000000_TAN_1994  |7 0  |8 A  |9 292131  |a BIBGIM  |b BIBGIM  |d 2019-11-19  |i 3364526  |o 895.63 TAN 1994  |p 3364526  |r 2025-01-15  |w 2019-11-19  |y BK  |k ORI